[Event "Oberliga Nord O 9394"]
[Site "Germany"]
[Date "1994.??.??"]
[Round "?"]
[White "Fleischer, Peter"]
[Black "Jahn, Otilia"]
[Result "1-0"]
[WhiteElo "2225"]
[BlackElo "2230"]
[PlyCount "65"]
[EventDate "1993.10.??"]
[EventType "team"]
[EventRounds "9"]
[EventCountry "GER"]
[SourceTitle "EXT 1999"]
[Source "ChessBase"]
[SourceDate "1998.11.16"]
[SourceVersion "1"]
[SourceVersionDate "1998.11.16"]
[SourceQuality "1"]

1. e4 c5 2. b3 Nc6 3. Bb2 e5 4. f4 d6 5. Nf3 Nf6 6. Nc3 Bg4 7. Bb5 Nd7 8. Bxc6 bxc6 9. h3 Bxf3 10. Qxf3 exf4 11. Qxf4 Be7 12. Nd1 0-0 13. 0-0 Ne5 14. Bxe5 dxe5 15. Qxe5 Bf6 16. Rxf6 Qxf6 17. Qxf6 gxf6 18. Ne3 Rfe8 19. d3 Kg7 20. Rf1 Re5 21. h4 Kg6 22. g3 Rb8 23. Nc4 Rh5 24. Kg2 f5 25. Ne5+ Kg7 26. exf5 Re8 27. Nd7 Re2+ 28. Kh3 Rh6 29. f6+ Kg8 30. Rf5 Re6 31. Rxc5 Rd6 32. Re5 Re6 33. Ra5 1-0

[Event "BL 9394 (Women)"]
[Site "Germany"]
[Date "1993.11.28"]
[Round "6.3"]
[White "Arnhold, Kerstin"]
[Black "Jahn, Otilia"]
[Result "1-0"]
[WhiteElo "2100"]
[BlackElo "2230"]
[PlyCount "51"]
[EventDate "1993.10.02"]
[EventType "team-tourn"]
[EventRounds "11"]
[EventCountry "GER"]
[SourceTitle "EXT 1997"]
[Source "ChessBase"]
[SourceDate "1996.11.15"]
[SourceVersion "1"]
[SourceVersionDate "1996.11.15"]
[SourceQuality "1"]
[WhiteTeam "Rodewisch"]
[BlackTeam "Berlin Rotation"]
[WhiteTeamCountry "GER"]
[BlackTeamCountry "GER"]

1. e4 c5 2. Nf3 d6 3. d4 cxd4 4. Nxd4 Nf6 5. Nc3 a6 6. Bc4 e6 7. a4 Be7 8. 0-0 0-0 9. Be3 Nc6 10. Qe2 Qc7 11. f4 Bd7 12. f5 Nxd4 13. Bxd4 e5 14. Bf2 Rac8 15. Bb3 Bc6 16. Rad1 b5 17. axb5 axb5 18. Bh4 b4 19. Bxf6 Bxf6 20. Nd5 Bxd5 21. Rxd5 Qb6+ 22. Kh1 Rc5 23. Qd3 Rxd5 24. Qxd5 Bg5 25. Ra1 Qc5 26. Qxf7+ 1-0

[Event "BL 9394 (Women)"]
[Site "Germany"]
[Date "1993.11.27"]
[Round "5.3"]
[White "Jahn, Otilia"]
[Black "Korenova, Martina"]
[Result "0-1"]
[WhiteElo "2230"]
[BlackElo "2210"]
[PlyCount "56"]
[EventDate "1993.10.02"]
[EventType "team-tourn"]
[EventRounds "11"]
[EventCountry "GER"]
[SourceTitle "EXT 1997"]
[Source "ChessBase"]
[SourceDate "1996.11.15"]
[SourceVersion "1"]
[SourceVersionDate "1996.11.15"]
[SourceQuality "1"]
[WhiteTeam "Berlin Rotation"]
[BlackTeam "Dresden"]
[WhiteTeamCountry "GER"]
[BlackTeamCountry "GER"]

1. c4 Nf6 2. Nc3 g6 3. g3 Bg7 4. Bg2 e5 5. e3 0-0 6. Nge2 d6 7. 0-0 Nc6 8. b3 Re8 9. f4 e4 10. Ba3 Bf5 11. Rc1 d5 12. cxd5 Nxd5 13. Nxd5 Qxd5 14. d4 Qa5 15. Bb2 Qxa2 16. Bc3 Bg4 17. Rf2 Qa6 18. h3 Bxe2 19. Rxe2 Qb5 20. Rd2 Qd5 21. Bf1 Ne7 22. g4 Qd7 23. d5 Bxc3 24. Rxc3 Rad8 25. Rc5 a6 26. Qc2 c6 27. Bg2 Nxd5 28. Bxe4 Qe7 0-1

[Event "BL 9394 (Women)"]
[Site "Germany"]
[Date "1993.10.31"]
[Round "4.3"]
[White "Jahn, Otilia"]
[Black "Bandziene, Rasa"]
[Result "1/2-1/2"]
[WhiteElo "2230"]
[BlackElo "2100"]
[PlyCount "44"]
[EventDate "1993.10.02"]
[EventType "team-tourn"]
[EventRounds "11"]
[EventCountry "GER"]
[SourceTitle "EXT 1997"]
[Source "ChessBase"]
[SourceDate "1996.11.15"]
[SourceVersion "1"]
[SourceVersionDate "1996.11.15"]
[SourceQuality "1"]
[WhiteTeam "Berlin Rotation"]
[BlackTeam "Weimar"]
[WhiteTeamCountry "GER"]
[BlackTeamCountry "GER"]

1. b3 d6 2. Bb2 e5 3. g3 Nf6 4. Bg2 c6 5. d3 Be7 6. Nf3 Bg4 7. c4 Bxf3 8. Bxf3 Nbd7 9. Nc3 h5 10. h4 Ng4 11. Bxg4 hxg4 12. e4 Nf6 13. Qe2 Qd7 14. 0-0-0 0-0-0 15. d4 exd4 16. Rxd4 Qe6 17. Rhd1 Nd7 18. Ba3 Ne5 19. Kb1 Nf3 20. R4d3 Ne5 21. Rd4 Nf3 22. R4d3 Ne5 1/2-1/2

[Event "BL 9192 (Women)"]
[Site "Germany"]
[Date "1992.??.??"]
[Round "?"]
[White "Jahn, Otilia"]
[Black "Mai, Iris"]
[Result "1-0"]
[WhiteElo "2235"]
[BlackElo "2195"]
[PlyCount "87"]
[EventDate "1991.10.??"]
[EventType "team-tourn"]
[EventRounds "11"]
[EventCountry "GER"]
[SourceTitle "EXT 1997"]
[Source "ChessBase"]
[SourceDate "1996.11.15"]
[SourceVersion "1"]
[SourceVersionDate "1996.11.15"]
[SourceQuality "1"]

1. Nf3 d5 2. d4 Nf6 3. Bg5 e6 4. e3 Be7 5. Nbd2 0-0 6. Bd3 c5 7. c3 cxd4 8. exd4 b5 9. Bxb5 Qb6 10. Qb3 Nc6 11. 0-0 Na5 12. Qa4 Rb8 13. Bxf6 Bxf6 14. Bd3 Qc7 15. Qc2 g6 16. b4 Nc6 17. b5 Na5 18. Rfe1 Bd7 19. a4 Rfc8 20. Rac1 Qf4 21. Ne5 Be8 22. g3 Qg5 23. h4 Qh5 24. Ndf3 Be7 25. Qe2 Ba3 26. Rc2 f6 27. g4 Qh6 28. g5 fxg5 29. Ng4 Qf8 30. Qxe6+ Bf7 31. Nf6+ Kh8 32. Qe5 Bd6 33. Qxg5 h6 34. Qg4 Qg7 35. Nd7 Rb7 36. Nc5 Rbb8 37. Ne6 Qf6 38. Ne5 Rg8 39. Nd7 Qe7 40. Nxb8 Bxb8 41. Rce2 Qd6 42. Re5 Nc4 43. Qf4 Qe7 44. Qxh6# 1-0

[Event "Regionalliga NordN 9091"]
[Site "Germany"]
[Date "1990.12.16"]
[Round "3.3"]
[White "Jahn, Otilia"]
[Black "Peters, Carsten"]
[Result "0-1"]
[WhiteElo "2240"]
[BlackElo "2280"]
[PlyCount "94"]
[EventDate "1990.10.07"]
[EventType "team-tourn"]
[EventRounds "9"]
[EventCountry "GER"]
[SourceTitle "EXT 1997"]
[Source "ChessBase"]
[SourceDate "1996.11.15"]
[SourceVersion "1"]
[SourceVersionDate "1996.11.15"]
[SourceQuality "1"]
[WhiteTeam "Lasker Steglitz II"]
[BlackTeam "Hamburg II"]
[WhiteTeamCountry "GER"]
[BlackTeamCountry "GER"]

1. Nf3 Nf6 2. b3 d5 3. Bb2 Bg4 4. g3 Nbd7 5. Bg2 e6 6. 0-0 Be7 7. d3 0-0 8. Re1 c6 9. Nbd2 Re8 10. e4 h6 11. Qe2 a5 12. a4 Qb6 13. Qf1 Bb4 14. Re2 Rad8 15. e5 Nh7 16. h3 Bh5 17. g4 Bg6 18. Rae1 Rc8 19. Nh4 Nhf8 20. Kh1 Be7 21. Nxg6 Nxg6 22. f4 Nh4 23. Nf3 Nxf3 24. Qxf3 Bh4 25. Rf1 Qc7 26. g5 hxg5 27. fxg5 Nf8 28. Qh5 Ng6 29. Bc1 c5 30. Qg4 b6 31. c4 dxc4 32. bxc4 Rcd8 33. Be4 Rd4 34. Bb2 Rxe4 35. Rxe4 Qd7 36. Re3 Qxa4 37. Ref3 Rf8 38. Qe4 Qb3 39. Bc1 Qc3 40. Bf4 Rd8 41. Bh2 Bxg5 42. Rxf7 Qxd3 43. Qg4 Bf6 44. R7xf6 gxf6 45. Qxe6+ Kh7 46. Qf5 Qxf5 47. Rxf5 Rd1+ 0-1

[Event "Olympiad Women-29"]
[Site "Novi Sad"]
[Date "1990.12.03"]
[Round "14"]
[White "Xie, Jun"]
[Black "Jahn, Otilia"]
[Result "1-0"]
[WhiteElo "2360"]
[BlackElo "2240"]
[PlyCount "70"]
[EventDate "1990.11.17"]
[EventType "team-swiss"]
[EventRounds "14"]
[EventCountry "YUG"]
[SourceTitle "EXT 2019"]
[Source "ChessBase"]
[SourceDate "2018.10.10"]
[SourceVersion "1"]
[SourceVersionDate "2018.10.10"]
[SourceQuality "1"]
[WhiteTeam "China (W)"]
[BlackTeam "Germany (W)"]
[WhiteTeamCountry "CHN"]
[BlackTeamCountry "GER"]

1. e4 c5 2. Nf3 Nc6 3. d4 cxd4 4. Nxd4 Qb6 5. Nb3 Nf6 6. Nc3 e6 7. g3 Bb4 8. Bg2 d5 9. Bd2 dxe4 10. Nxe4 Nxe4 11. Bxe4 Bxd2+ 12. Qxd2 0-0 13. 0-0-0 a5 14. Qe3 Qxe3+ 15. fxe3 a4 16. Nd4 Ne5 17. Rd2 Ra5 18. Re1 Rc5 19. Nf3 Nc4 20. Rd4 e5 21. Rd5 Rxd5 22. Bxd5 Nb6 23. Rd1 Nxd5 24. Rxd5 f6 25. Nd2 Bf5 26. Rb5 Rf7 27. Rb4 Rc7 28. Nc4 Be6 29. Nd6 Bd5 30. Rxa4 h5 31. Rb4 Rd7 32. Rb6 Bc6 33. Nc4 Kh7 34. b4 Kg6 35. b5 Bf3 1-0

[Event "Mephisto (Women)"]
[Site "Hamburg"]
[Date "1990.??.??"]
[Round "5"]
[White "Heinatz, Gundula"]
[Black "Jahn, Otilia"]
[Result "1/2-1/2"]
[WhiteElo "2170"]
[BlackElo "2240"]
[PlyCount "48"]
[EventDate "1990.??.??"]
[EventType "tourn"]
[EventRounds "11"]
[EventCountry "GER"]
[SourceTitle "EXT 1997"]
[Source "ChessBase"]
[SourceDate "1996.11.15"]
[SourceVersion "1"]
[SourceVersionDate "1996.11.15"]
[SourceQuality "1"]

1. d4 c5 2. Nf3 Nf6 3. c4 cxd4 4. Nxd4 e5 5. Nb5 d5 6. cxd5 Qa5+ 7. N5c3 b5 8. g3 b4 9. Qa4+ Qxa4 10. Nxa4 Bb7 11. Bg2 Bxd5 12. 0-0 Bxg2 13. Kxg2 Be7 14. Be3 Nd5 15. Bc5 Nd7 16. Bxe7 Kxe7 17. Nd2 Rhc8 18. Rfd1 Rc2 19. Nc4 N5b6 20. Naxb6 Nxb6 21. Nxe5 Rxb2 22. Nc6+ Kf8 23. a3 b3 24. Rab1 Rxe2 1/2-1/2

[Event "Mephisto (Women)"]
[Site "Hamburg"]
[Date "1990.??.??"]
[Round "2"]
[White "Jahn, Otilia"]
[Black "Heintze, Marion"]
[Result "1-0"]
[WhiteElo "2240"]
[BlackElo "2180"]
[PlyCount "81"]
[EventDate "1990.??.??"]
[EventType "tourn"]
[EventRounds "11"]
[EventCountry "GER"]
[SourceTitle "EXT 1997"]
[Source "ChessBase"]
[SourceDate "1996.11.15"]
[SourceVersion "1"]
[SourceVersionDate "1996.11.15"]
[SourceQuality "1"]

1. Nf3 d5 2. b3 Nf6 3. Bb2 e6 4. e3 Be7 5. d4 c5 6. Bd3 0-0 7. Nbd2 Nc6 8. a3 b6 9. 0-0 Bb7 10. Qe2 Rc8 11. Rfd1 cxd4 12. exd4 Rc7 13. Ne5 Nxe5 14. dxe5 Nd7 15. b4 a5 16. Qg4 Re8 17. Re1 Bf8 18. Nf3 g6 19. h4 Bg7 20. h5 Nf8 21. Nd4 Nd7 22. Nb5 Rc6 23. hxg6 hxg6 24. Rab1 Ba8 25. Qg3 Rf8 26. Nd4 Rc8 27. Bxg6 fxg6 28. Nxe6 Qe7 29. Qxg6 Rc6 30. Qxg7+ Qxg7 31. Nxg7 Kxg7 32. e6+ Nf6 33. Re5 Kg6 34. f4 Rxc2 35. Rg5+ Kh6 36. e7 Rfc8 37. Bxf6 Rc1+ 38. Rxc1 Rxc1+ 39. Kh2 Re1 40. Be5 Bc6 41. Rg8 1-0

[Event "Regionalliga NordN"]
[Site "Germany"]
[Date "1990.??.??"]
[Round "?"]
[White "Jahn, Otilia"]
[Black "Schoof, Martin"]
[Result "1/2-1/2"]
[WhiteElo "2240"]
[BlackElo "2280"]
[PlyCount "94"]
[EventDate "1990.??.??"]
[EventType "team-tourn"]
[EventRounds "9"]
[EventCountry "GER"]
[SourceTitle "EXT 1997"]
[Source "ChessBase"]
[SourceDate "1996.11.15"]
[SourceVersion "1"]
[SourceVersionDate "1996.11.15"]
[SourceQuality "1"]

1. d4 Nf6 2. Bg5 d5 3. Bxf6 exf6 4. e3 Bf5 5. Nd2 Bd6 6. g4 Bg6 7. Bg2 c6 8. Ne2 h5 9. gxh5 Bxh5 10. c4 dxc4 11. Nxc4 Bb4+ 12. Kf1 Qc7 13. Qd3 Bg6 14. Be4 Bxe4 15. Qxe4+ Qe7 16. Qxe7+ Kxe7 17. Ng3 g6 18. a3 Bd6 19. Nxd6 Kxd6 20. Ne4+ Ke7 21. Nc5 b6 22. Nd3 Nd7 23. Rc1 Rac8 24. b4 c5 25. bxc5 bxc5 26. dxc5 Rh5 27. Ke2 Nxc5 28. Rc4 Rc7 29. Rhc1 Kd6 30. Rd1 Rd5 31. Nxc5 Rcxc5 32. Rxc5 Kxc5 33. Rc1+ Kd6 34. Rc4 Ra5 35. a4 Rd5 36. h4 Kd7 37. Kf3 Kd6 38. Rb4 Ra5 39. Kg4 Rf5 40. Rb7 Ra5 41. Rxf7 Rxa4+ 42. f4 Ke6 43. Rg7 Ra3 44. Rxg6 Rxe3 45. Rg7 f5+ 46. Kh5 Rf3 47. Rg6+ Kf7 1/2-1/2

[Event "Mephisto (Women)"]
[Site "Hamburg"]
[Date "1990.??.??"]
[Round "8"]
[White "Lauterbach, Ingrid"]
[Black "Jahn, Otilia"]
[Result "0-1"]
[WhiteElo "2155"]
[BlackElo "2240"]
[PlyCount "120"]
[EventDate "1990.??.??"]
[EventType "tourn"]
[EventRounds "11"]
[EventCountry "GER"]
[SourceTitle "EXT 1997"]
[Source "ChessBase"]
[SourceDate "1996.11.15"]
[SourceVersion "1"]
[SourceVersionDate "1996.11.15"]
[SourceQuality "1"]

1. e4 c5 2. Nf3 d6 3. d4 cxd4 4. Nxd4 Nf6 5. Nc3 a6 6. f4 e6 7. Be2 Be7 8. 0-0 0-0 9. Be3 Qc7 10. Qe1 b5 11. a3 Bb7 12. Bf3 Nbd7 13. Qg3 Nc5 14. f5 e5 15. Bh6 Ne8 16. Nde2 Kh8 17. Bg5 Bxg5 18. Qxg5 Nf6 19. Ng3 h6 20. Qe3 Rad8 21. Nh5 Nxh5 22. Bxh5 Nd7 23. f6 Qc5 24. fxg7+ Kxg7 25. Rae1 f6 26. Rf2 Qxe3 27. Rxe3 Kh7 28. Bg4 Nc5 29. Rh3 Kg7 30. Bf5 Rh8 31. Rd2 Kf7 32. Rg3 Ne6 33. Bg6+ Ke7 34. Bf5 Rdg8 35. Rgd3 Nd4 36. Bh3 a5 37. Re3 b4 38. Nd5+ Bxd5 39. exd5 Kd8 40. axb4 axb4 41. c3 bxc3 42. bxc3 Nb3 43. Ra2 Kc7 44. Ra6 Rd8 45. Rg3 Kb7 46. Ra4 Rb8 47. Rg6 Kb6 48. Rxf6 Kc5 49. g3 Nd2 50. Ra5+ Kb6 51. Ra4 Kc5 52. Ra5+ Kb6 53. Ra4 Kc5 54. Rf2 Nc4 55. Bg2 Ne3 56. Re2 Rb1+ 57. Kf2 Ng4+ 58. Kf3 Nxh2+ 59. Ke4 Rg8 60. Re3 Rg4+ 0-1

[Event "Caorle op"]
[Site "Caorle"]
[Date "1989.??.??"]
[Round "5"]
[White "Jahn, Otilia"]
[Black "Zlatanovic, Zoran"]
[Result "1-0"]
[WhiteElo "2205"]
[BlackElo "2000"]
[PlyCount "87"]
[EventDate "1989.07.??"]
[EventType "swiss"]
[EventRounds "8"]
[EventCountry "ITA"]
[SourceTitle "EXT 2000"]
[Source "ChessBase"]
[SourceDate "1999.11.16"]
[SourceVersion "1"]
[SourceVersionDate "1999.11.16"]
[SourceQuality "1"]

1. d4 Nf6 2. Bg5 Ne4 3. Bf4 d5 4. Nd2 Nd6 5. e3 e6 6. Bd3 Be7 7. Ngf3 Nd7 8. c3 Nf8 9. Ne5 g5 10. Bg3 h5 11. h3 c6 12. Qc2 Nf5 13. 0-0-0 Qa5 14. Kb1 f6 15. Nef3 Nxg3 16. fxg3 Bd7 17. Bg6+ Nxg6 18. Qxg6+ Kd8 19. Qg7 Rf8 20. g4 hxg4 21. hxg4 Be8 22. Rh8 Rxh8 23. Qxh8 Kd7 24. Qg7 Qc7 25. e4 Rd8 26. e5 fxe5 27. Nxe5+ Kc8 28. Ndf3 c5 29. Nxg5 Bxg5 30. Qxg5 Qh7+ 31. Ka1 c4 32. Qf6 Bd7 33. g5 Qc2 34. Rf1 Qxg2 35. g6 Kc7 36. g7 Rg8 37. Nxd7 Kxd7 38. Qf7+ Kc6 39. Qxe6+ Kb5 40. a4+ Kxa4 41. Qd7+ b5 42. Qxa7+ Kb3 43. Qa2+ Kc2 44. b4+ 1-0